[Event "GRE Master-ch op 1st"]
[Site "Greece"]
[Date "2000.??.??"]
[Round "6.8"]
[White "Delikanakis, Nikolaos"]
[Black "Aligeorgiu, Konstantinos"]
[Result "1/2-1/2"]
[WhiteElo "2163"]
[BlackElo "2064"]
[PlyCount "38"]
[EventDate "2000.??.??"]
[EventType "swiss"]
[EventRounds "9"]
[EventCountry "GRE"]
[SourceTitle "EXT 2004"]
[Source "ChessBase"]
[SourceDate "2003.11.25"]
[SourceVersion "1"]
[SourceVersionDate "2003.11.25"]
[SourceQuality "1"]

1. d4 e6 2. c4 Nf6 3. Nc3 d5 4. Bg5 Be7 5. e3 c6 6. Nf3 Nbd7 7. Rc1 Qa5 8. cxd5 exd5 9. Bd3 Nf8 10. 0-0 Bg4 11. h3 Bh5 12. Qb3 Qb6 13. Ne5 Qxb3 14. axb3 N6d7 15. Bxe7 Kxe7 16. f4 f6 17. Nf3 Ne6 18. g4 Bf7 19. Kg2 g6 1/2-1/2